000 00656nam a2200241Ia 4500
003 OSt
005 20220916110942.0
006 a|||||r|||| 00| 0
007 ta
008 220915b |||||||| |||| 00| 0 eng d
024 _a28821
037 _cTextbook
040 _beng
_aARTS
_cARTS
041 _aeng
082 _aO111,2J64,2:gx, K6;K0
100 _aKnights L C
245 0 _aSome Shakespearean themes : An approach to Hamlet
260 _aLondon
_bPenguin Books UK
300 _a219p.
_ccm.
650 _aENGLISH LITERATURE
942 _hO111,2J64,2:gx, K6;K0
_cTB
_2CC
999 _c102147
_d102147